Movies Quiz

Random Movies Quiz

Time-themed Movie Titles Quiz Stats

Quiz not verified by Sporcle

Also try: Movie To-Do Lists
Challenge
Share
Tweet
Embed
Score 0/20 Timer 10:00
0 Plays Today
Hint Title % Correct
Glenn Ford western. Remade in 2007.3:10 To Yuma
80.2%
Judy Garland/Robert Walker 1945 romanceThe Clock
65.1%
Brit zombie virus flick28 Days Later
65.1%
Controversial Kubrick droog-festA Clockwork Orange
62.8%
Eric Bana time-hopping romanceThe Time Traveler's Wife
61.6%
Global disaster film with tagline 'This year, a sweater won't do..'The Day After Tomorrow
60.5%
Gary Cooper 1952 westernHigh Noon
57%
Eddie Murphy's film debut48 Hrs
54.7%
Alaskan based vampire bloodbath30 Days of Night
50%
Whose nose? Not Nicole Kidman's...The Hours
45.3%
Hint Title % Correct
Alan Moore's brooding superheroes reach the big screenWatchmen
43%
Steamy Basinger/Rourke coupling9 and a half weeks
36%
Terry Gilliam 1981 filmTime Bandits
31.4%
Cagey adrenaline-pumping heist caperGone in 60 seconds
29.1%
Lancaster/Kerr multi-Oscar winning filmFrom Here to Eternity
26.7%
Ex 'Neighbours' actor took Rod Taylor's role in remakeThe Time Machine
18.6%
Last train of the day?Midnight Express
15.1%
Most famously known for the inclusion of the fur bikini...One Million Years B.C.
9.3%
Sigourney Weaver as aussie newshoundThe Year of Living Dangerously
8.1%
Time repeating drama with Helen Slater12:01
1.2%

You're not logged in!

Compare scores with friends on all Sporcle quizzes.
Sign Up with Email
OR
Log In

You Might Also Like...

Show Comments

Extras

Top Quizzes Today


Score Distribution

Your Account Isn't Verified!

In order to create a playlist on Sporcle, you need to verify the email address you used during registration. Go to your Sporcle Settings to finish the process.